000 00932nam a2200265 i 4500
001 7707
003 ES-MaACL
005 20230906145309.0
008 910323s1991 sp ||||1| spa d
020 _a84-7679-190-9
080 _a336.6/.7(46)"1982/1990"
080 _a332.13(46)"1982/1990"
080 _a332.4(46)"1982/1990"
100 1 _aDíaz Herrera, José.
_944307
245 1 3 _aEl dinero del poder
_b: la trama económica en la España socialista /
_cJosé Díaz Herrera, Ramón Tijeras.
250 _a1ª ed.
260 _aMadrid :
_bCambio 16,
_c1991.
300 _a713, [22] p., [32] p. de lám. ;
_c22 cm.
500 _aÍndice onomástico.
610 2 4 _aPartido Socialista Obrero Español.
_96155
650 _aPartidos políticos-
_zEspaña-
_xFinanzas.
_915866
651 0 _aEspaña-
_xPolítica y gobierno-
_y1982-1996.
_98449
700 1 _aTijeras, Ramon.
_9110249
852 _aES-MaACL
_jL-14921
_z- Enc. cart.
999 _c7707
_d7707